000 01446nam0a2200325 4500
001 RU\NLR\bibl\117333
005 20250617095041.0
010 _a5-7014-0226-6
_9400
021 _aRU
_b2000-28901
_91366
035 _a(NLR Aleph) 000114908
090 _a652833
_c652833
100 _a20001110d2000 |||y0rusy50 ca
101 0 _arus
102 _aRU
105 _aa |||||||||
200 1 _aЧто такое муниципальная экономика и кому она служит?
_eПособие для населения и обществ. орг.
_fР.В. Бабун, З.З. Муллагалеева
210 _aНовосибирск
_cНГАЭиУ
_cАСДГ
_d2000
215 _a125,[1] с.
_cил.
_d20
300 _aВ вып. дан. авт.: кандидаты экон. наук Бабун Р.В. и Муллагалеева З.З., доц.
606 0 _aМуниципальная экономика
_jРуководства, пособия и т.п.
_yРоссийская Федерация
_92156220
_3RU\NLR\auth\661298070
686 _aУ44(2)109(2Р)я7
700 1 _aБабун
_bР. В.
_gРоальд Владимирович
_4070
701 1 _aМуллагалеева
_bЗ. З.
_gЗимфира Заньяповна
_4070
801 0 _aRU
_bNLR
_c20001110
_gPSBO
801 1 _aRU
_bNLR
_c20001110
830 _aАвт. по кн.
852 _aNLR
_j2000-3/13647
942 _cBOOK
980 _aNB